[Event "European Chess Club Cup 2023"]
[Site "Durres, Albania"]
[Date "2023.10.02"]
[Round "2.57"]
[White "Geske, Julian"]
[Black "Droin, Augustin"]
[Result "1/2-1/2"]
[TimeControl "90' + 30' & 30\""]
[WhiteElo "2390"]
[BlackElo "2468"]

1. e4 {[%clk 01:30:56]} {[%emt 00:00:04]} c5 {[%clk 01:30:56]} {[%emt
00:00:04]} 2. Nf3 {[%clk 01:31:22]} {[%emt 00:00:04]} d6 {[%clk 01:31:24]}
{[%emt 00:00:02]} 3. Bb5+ {[%clk 01:31:43]} {[%emt 00:00:10]} Nd7 {[%clk
01:31:48]} {[%emt 00:00:06]} 4. a4 {[%clk 01:32:00]} {[%emt 00:00:12]} Ngf6
{[%clk 01:31:36]} {[%emt 00:00:42]} 5. Nc3 {[%clk 01:32:06]} {[%emt 00:00:25]}
e5 {[%clk 01:30:52]} {[%emt 00:01:13]} 6. d3 {[%clk 01:30:52]} {[%emt
00:01:44]} h6 {[%clk 01:30:43]} {[%emt 00:00:39]} 7. Nd2 {[%clk 01:27:22]}
{[%emt 00:04:00]} a6 {[%clk 01:28:18]} {[%emt 00:02:56]} 8. Bc4 {[%clk
01:25:48]} {[%emt 00:02:03]} g6 {[%clk 01:24:45]} {[%emt 00:04:03]} 9. Nf1
{[%clk 01:22:17]} {[%emt 00:04:02]} Bg7 {[%clk 01:24:58]} {[%emt 00:00:16]} 10.
Ne3 {[%clk 01:22:33]} {[%emt 00:00:13]} O-O {[%clk 01:25:13]} {[%emt 00:00:16]}
11. O-O {[%clk 01:22:45]} {[%emt 00:00:17]} b6 {[%clk 01:20:11]} {[%emt
00:05:33]} 12. Ncd5 {[%clk 01:16:45]} {[%emt 00:06:30]} Rb8 {[%clk 01:20:21]}
{[%emt 00:00:20]} 13. Nxf6+ {[%clk 01:12:52]} {[%emt 00:04:23]} Nxf6 {[%clk
01:19:13]} {[%emt 00:01:39]} 14. Nd5 {[%clk 01:13:03]} {[%emt 00:00:19]} b5
{[%clk 01:13:45]} {[%emt 00:05:58]} 15. axb5 {[%clk 01:12:24]} {[%emt
00:01:08]} axb5 {[%clk 01:14:11]} {[%emt 00:00:04]} 16. Nxf6+ {[%clk 01:12:43]}
{[%emt 00:00:12]} Qxf6 {[%clk 01:14:37]} {[%emt 00:00:04]} 17. Bd5 {[%clk
01:13:01]} {[%emt 00:00:11]} Be6 {[%clk 01:15:01]} {[%emt 00:00:06]} 18. Bxe6
{[%clk 01:10:54]} {[%emt 00:02:38]} Qxe6 {[%clk 01:15:21]} {[%emt 00:00:09]} 19.
Be3 {[%clk 01:10:29]} {[%emt 00:00:55]} Ra8 {[%clk 01:15:27]} {[%emt 00:00:25]}
20. Qd2 {[%clk 01:09:42]} {[%emt 00:01:17]} Kh7 {[%clk 01:03:15]} {[%emt
00:12:42]} 21. Ra5 {[%clk 01:06:50]} {[%emt 00:03:21]} f5 {[%clk 01:03:13]}
{[%emt 00:00:33]} 22. f3 {[%clk 01:00:22]} {[%emt 00:06:57]} b4 {[%clk
00:54:45]} {[%emt 00:08:59]} 23. Rfa1 {[%clk 00:58:46]} {[%emt 00:02:06]} Rxa5
{[%clk 00:55:12]} {[%emt 00:00:03]} 24. Rxa5 {[%clk 00:59:02]} {[%emt
00:00:13]} g5 {[%clk 00:55:38]} {[%emt 00:00:04]} 25. Qd1 {[%clk 00:53:42]}
{[%emt 00:05:50]} Rf6 {[%clk 00:51:18]} {[%emt 00:04:50]} 26. c3 {[%clk
00:43:55]} {[%emt 00:10:18]} bxc3 {[%clk 00:48:50]} {[%emt 00:02:58]} 27. bxc3
{[%clk 00:43:24]} {[%emt 00:01:01]} fxe4 {[%clk 00:49:08]} {[%emt 00:00:13]} 28.
fxe4 {[%clk 00:42:54]} {[%emt 00:00:59]} g4 {[%clk 00:49:15]} {[%emt 00:00:22]}
29. c4 {[%clk 00:41:34]} {[%emt 00:01:51]} h5 {[%clk 00:47:39]} {[%emt
00:02:06]} 30. Ra7 {[%clk 00:40:11]} {[%emt 00:01:52]} Rf8 {[%clk 00:44:32]}
{[%emt 00:03:37]} 31. Qa1 {[%clk 00:29:44]} {[%emt 00:10:58]} h4 {[%clk
00:40:10]} {[%emt 00:04:52]} 32. Ra8 {[%clk 00:26:43]} {[%emt 00:03:31]} Rxa8
{[%clk 00:37:20]} {[%emt 00:03:20]} 33. Qxa8 {[%clk 00:27:08]} {[%emt
00:00:05]} g3 {[%clk 00:37:41]} {[%emt 00:00:09]} 34. Qa1 {[%clk 00:23:35]}
{[%emt 00:04:03]} Bh6 {[%clk 00:35:09]} {[%emt 00:03:02]} 35. Qc1 {[%clk
00:20:02]} {[%emt 00:04:03]} Bxe3+ {[%clk 00:29:43]} {[%emt 00:05:56]} 36. Qxe3
{[%clk 00:20:21]} {[%emt 00:00:11]} Qg4 {[%clk 00:30:07]} {[%emt 00:00:06]} 37.
hxg3 {[%clk 00:20:35]} {[%emt 00:00:16]} Qxg3 {[%clk 00:30:00]} {[%emt
00:00:38]} 38. Qxg3 {[%clk 00:20:15]} {[%emt 00:00:48]} hxg3 {[%clk 00:30:27]}
{[%emt 00:00:04]} 39. Kf1 {[%clk 00:20:40]} {[%emt 00:00:05]} Kg6 {[%clk
00:30:55]} {[%emt 00:00:02]} 40. Ke2 {[%clk 00:21:06]} {[%emt 00:00:04]} Kg5
{[%clk 00:31:23]} {[%emt 00:00:03]} 41. Kf3 {[%clk 00:21:30]} {[%emt 00:00:05]}
Kh4 {[%clk 00:31:49]} {[%emt 00:00:04]} 42. Ke2 {[%clk 00:21:44]} {[%emt
00:00:15]} Kg5 {[%clk 00:32:15]} {[%emt 00:00:04]} 43. Kf3 {[%clk 00:22:11]}
{[%emt 00:00:04]} Kh4 {[%clk 00:32:42]} {[%emt 00:00:03]} 1/2-1/2

[Event "European Chess Club Cup 2023"]
[Site "Durres, Albania"]
[Date "2023.10.02"]
[Round "2.58"]
[White "Razafindratsima, Timothe"]
[Black "Godart, Francois"]
[Result "1-0"]
[TimeControl "90' + 30' & 30\""]
[WhiteElo "2459"]
[BlackElo "2375"]

1. e4 {[%clk 01:30:58]} {[%emt 00:00:02]} c5 {[%clk 01:30:44]} {[%emt
00:00:16]} 2. Nf3 {[%clk 01:31:15]} {[%emt 00:00:13]} d6 {[%clk 01:31:05]}
{[%emt 00:00:09]} 3. d4 {[%clk 01:31:36]} {[%emt 00:00:09]} cxd4 {[%clk
01:31:30]} {[%emt 00:00:05]} 4. Nxd4 {[%clk 01:32:01]} {[%emt 00:00:05]} Nf6
{[%clk 01:31:55]} {[%emt 00:00:05]} 5. Nc3 {[%clk 01:32:18]} g6 {[%clk
01:31:59]} {[%emt 00:00:39]} 6. Be3 {[%clk 01:30:59]} Bg7 {[%clk 01:32:18]}
{[%emt 00:02:00]} 7. f3 {[%clk 01:31:24]} Nc6 {[%clk 01:32:38]} {[%emt
00:00:16]} 8. Qd2 {[%clk 01:30:09]} O-O {[%clk 01:32:55]} {[%emt 00:01:57]} 9.
O-O-O {[%clk 01:30:21]} d5 {[%clk 01:32:53]} {[%emt 00:00:50]} 10. exd5 {[%clk
01:30:41]} Nxd5 {[%clk 01:33:18]} {[%emt 00:00:15]} 11. Nxc6 {[%clk 01:31:00]}
bxc6 {[%clk 01:33:42]} {[%emt 00:00:18]} 12. Bd4 {[%clk 01:31:22]} Bxd4 {[%clk
01:33:44]} {[%emt 00:00:35]} 13. Qxd4 {[%clk 01:31:00]} Qb6 {[%clk 01:34:07]}
{[%emt 00:01:00]} 14. Na4 {[%clk 01:21:12]} Qc7 {[%clk 01:34:28]} {[%emt
00:10:26]} 15. Bc4 {[%emt 00:02:46]} Rd8 {[%clk 01:34:27]} {[%emt 00:00:21]} 16.
g3 {[%clk 01:15:14]} {[%emt 00:04:22]} Bf5 {[%clk 01:28:04]} {[%emt 00:06:53]}
17. Qc5 {[%clk 01:14:56]} {[%emt 00:00:48]} Nb6 {[%clk 01:22:34]} {[%emt
00:05:59]} 18. Bb3 {[%clk 01:14:19]} {[%emt 00:01:07]} Rd6 {[%clk 01:16:16]}
{[%emt 00:06:49]} 19. Nc3 {[%clk 01:11:11]} {[%emt 00:03:38]} Rc8 {[%clk
00:56:53]} {[%emt 00:19:52]} 20. Rhe1 {[%clk 01:07:58]} {[%emt 00:03:43]} Nd5
{[%clk 00:49:41]} {[%emt 00:07:43]} 21. Ne4 {[%clk 00:45:14]} {[%emt 00:23:14]}
Rdd8 {[%clk 00:47:26]} {[%emt 00:02:45]} 22. Rd4 {[%clk 00:33:40]} {[%emt
00:12:04]} Bxe4 {[%clk 00:35:25]} {[%emt 00:12:31]} 23. fxe4 {[%clk 00:33:18]}
{[%emt 00:00:51]} Nb6 {[%clk 00:35:40]} {[%emt 00:00:16]} 24. Red1 {[%clk
00:27:55]} {[%emt 00:05:53]} Rxd4 {[%clk 00:35:03]} {[%emt 00:01:07]} 25. Rxd4
{[%clk 00:28:17]} {[%emt 00:00:07]} e6 {[%clk 00:33:37]} {[%emt 00:01:56]} 26.
c3 {[%clk 00:23:18]} {[%emt 00:05:29]} Nd7 {[%clk 00:32:49]} {[%emt 00:01:18]}
27. Qd6 {[%clk 00:21:49]} {[%emt 00:01:59]} Ne5 {[%clk 00:32:30]} {[%emt
00:00:49]} 28. Bd1 {[%clk 00:19:05]} {[%emt 00:03:14]} Qxd6 {[%clk 00:29:44]}
{[%emt 00:03:16]} 29. Rxd6 {[%clk 00:19:33]} {[%emt 00:00:02]} h5 {[%clk
00:29:53]} {[%emt 00:00:21]} 30. Be2 {[%clk 00:19:05]} {[%emt 00:00:58]} Kg7
{[%clk 00:27:17]} {[%emt 00:03:06]} 31. b4 {[%clk 00:18:16]} {[%emt 00:01:19]}
Kf6 {[%clk 00:24:00]} {[%emt 00:03:47]} 32. a4 {[%clk 00:16:34]} {[%emt
00:02:12]} Ng4 {[%clk 00:18:32]} {[%emt 00:05:59]} 33. Rd7 {[%clk 00:16:39]}
{[%emt 00:00:25]} Nf2 {[%clk 00:14:52]} {[%emt 00:04:10]} 34. Rxa7 {[%clk
00:14:15]} {[%emt 00:02:54]} Nxe4 {[%clk 00:15:15]} {[%emt 00:00:06]} 35. Kc2
{[%clk 00:14:44]} {[%emt 00:00:02]} h4 {[%clk 00:13:42]} {[%emt 00:02:03]} 36.
gxh4 {[%clk 00:12:33]} {[%emt 00:02:41]} e5 {[%clk 00:13:07]} {[%emt 00:01:04]}
37. a5 {[%clk 00:07:10]} {[%emt 00:05:54]} Nd6 {[%clk 00:12:42]} {[%emt
00:00:54]} 38. c4 {[%clk 00:02:51]} {[%emt 00:04:49]} Nf5 {[%clk 00:07:48]}
{[%emt 00:05:24]} 39. Kc3 {[%clk 00:02:07]} {[%emt 00:01:14]} Ke6 {[%clk
00:05:04]} {[%emt 00:03:14]} 40. c5 {[%clk 00:00:37]} {[%emt 00:02:00]} Ne3
{[%clk 00:05:15]} {[%emt 00:00:19]} 41. Rb7 {[%clk 00:24:41]} {[%emt 00:06:27]}
Nd5+ {[%clk 00:34:16]} {[%emt 00:01:29]} 42. Kd2 {[%clk 00:23:56]} {[%emt
00:01:14]} f5 {[%clk 00:30:41]} {[%emt 00:04:05]} 43. a6 {[%clk 00:22:13]}
{[%emt 00:02:13]} e4 {[%clk 00:30:54]} {[%emt 00:00:18]} 44. a7 {[%clk
00:22:27]} {[%emt 00:00:16]} Ra8 {[%clk 00:31:20]} {[%emt 00:00:04]} 45. b5
{[%clk 00:22:45]} {[%emt 00:00:12]} cxb5 {[%clk 00:30:56]} {[%emt 00:00:54]} 46.
Bxb5 {[%clk 00:22:59]} {[%emt 00:00:15]} Ne7 {[%clk 00:29:54]} {[%emt
00:01:32]} 47. Ke3 {[%clk 00:19:05]} {[%emt 00:04:23]} Kf6 {[%clk 00:30:00]}
{[%emt 00:00:25]} 48. c6 {[%clk 00:16:10]} {[%emt 00:03:26]} Ke6 {[%clk
00:29:54]} {[%emt 00:00:36]} 49. Bc4+ {[%clk 00:13:03]} {[%emt 00:03:37]} Kf6
{[%clk 00:28:41]} {[%emt 00:01:42]} 50. Kf4 {[%clk 00:13:13]} {[%emt 00:00:19]}
1-0

[Event "European Chess Club Cup 2023"]
[Site "Durres, Albania"]
[Date "2023.10.02"]
[Round "2.59"]
[White "Dishman, Stephen"]
[Black "Kamsky, Gata"]
[Result "1/2-1/2"]
[TimeControl "90' + 30' & 30\""]
[WhiteElo "2304"]
[BlackElo "2641"]

1. Nf3 {[%clk 01:30:54]} {[%emt 00:00:05]} c5 {[%clk 01:27:56]} {[%emt
00:03:04]} 2. c4 {[%clk 01:31:04]} {[%emt 00:00:20]} Nf6 {[%clk 01:28:09]}
{[%emt 00:00:16]} 3. b3 {[%clk 01:29:49]} {[%emt 00:01:47]} g6 {[%clk
01:26:04]} {[%emt 00:02:34]} 4. Bb2 {[%clk 01:29:23]} {[%emt 00:00:57]} Bg7
{[%clk 01:26:26]} {[%emt 00:00:06]} 5. g3 {[%clk 01:29:48]} {[%emt 00:00:07]}
d6 {[%clk 01:26:04]} {[%emt 00:00:51]} 6. Bg2 {[%clk 01:29:33]} {[%emt
00:00:45]} Nc6 {[%clk 01:26:26]} {[%emt 00:00:08]} 7. O-O {[%clk 01:27:38]}
{[%emt 00:02:26]} O-O {[%clk 01:26:48]} {[%emt 00:00:07]} 8. d4 {[%clk
01:27:12]} {[%emt 00:00:57]} cxd4 {[%clk 01:20:27]} {[%emt 00:06:50]} 9. Nxd4
{[%clk 01:27:34]} {[%emt 00:00:09]} Bd7 {[%clk 01:20:52]} {[%emt 00:00:04]} 10.
Nc3 {[%clk 01:27:19]} {[%emt 00:00:46]} Qa5 {[%clk 01:19:03]} {[%emt 00:02:18]}
11. e3 {[%clk 01:23:57]} {[%emt 00:03:52]} Rfc8 {[%clk 01:15:50]} {[%emt
00:03:42]} 12. Rc1 {[%clk 01:23:06]} {[%emt 00:01:22]} Rab8 {[%clk 01:14:51]}
{[%emt 00:01:28]} 13. Qe2 {[%clk 01:21:25]} {[%emt 00:02:13]} Qh5 {[%clk
01:08:24]} {[%emt 00:06:55]} 14. Qxh5 {[%clk 01:19:39]} {[%emt 00:02:19]} Nxh5
{[%clk 01:08:46]} {[%emt 00:00:06]} 15. Nd5 {[%clk 01:07:27]} {[%emt 00:12:43]}
Kf8 {[%clk 01:06:55]} {[%emt 00:02:20]} 16. Rfd1 {[%clk 01:04:49]} {[%emt
00:03:09]} Nxd4 {[%clk 01:02:40]} {[%emt 00:04:44]} 17. Bxd4 {[%clk 01:04:02]}
{[%emt 00:01:17]} Bxd4 {[%clk 01:01:12]} {[%emt 00:01:58]} 18. exd4 {[%clk
01:02:45]} {[%emt 00:01:48]} e6 {[%clk 00:56:30]} {[%emt 00:05:10]} 19. Ne3
{[%clk 01:02:33]} {[%emt 00:00:43]} Nf6 {[%clk 00:56:50]} {[%emt 00:00:09]} 20.
f4 {[%clk 01:00:52]} {[%emt 00:02:12]} Bc6 {[%clk 00:49:42]} {[%emt 00:07:38]}
21. d5 {[%clk 00:58:56]} {[%emt 00:02:27]} exd5 {[%clk 00:50:06]} {[%emt
00:00:06]} 22. Nxd5 {[%clk 00:49:02]} {[%emt 00:10:24]} Nxd5 {[%clk 00:48:20]}
{[%emt 00:02:16]} 23. Bxd5 {[%clk 00:47:55]} {[%emt 00:01:37]} Bxd5 {[%clk
00:48:41]} {[%emt 00:00:08]} 24. Rxd5 {[%clk 00:47:34]} {[%emt 00:00:52]} b5
{[%clk 00:48:53]} {[%emt 00:00:18]} 25. c5 {[%clk 00:45:35]} {[%emt 00:02:28]}
Rb6 {[%clk 00:42:31]} {[%emt 00:06:50]} 26. cxb6 {[%clk 00:41:34]} {[%emt
00:04:34]} Rxc1+ {[%clk 00:42:56]} {[%emt 00:00:04]} 27. Kg2 {[%clk 00:41:59]}
{[%emt 00:00:05]} axb6 {[%clk 00:43:19]} {[%emt 00:00:07]} 28. Rxd6 {[%clk
00:41:51]} {[%emt 00:00:39]} Rc2+ {[%clk 00:43:42]} {[%emt 00:00:06]} 29. Kh3
{[%clk 00:40:45]} {[%emt 00:01:36]} Rxa2 {[%clk 00:43:44]} {[%emt 00:00:29]} 30.
Rxb6 {[%clk 00:41:11]} {[%emt 00:00:04]} Kg7 {[%clk 00:41:02]} {[%emt
00:03:11]} 31. Rxb5 {[%clk 00:39:40]} {[%emt 00:02:02]} h5 {[%clk 00:41:25]}
{[%emt 00:00:06]} 32. Rb7 {[%clk 00:39:04]} {[%emt 00:01:07]} Rb2 {[%clk
00:41:29]} {[%emt 00:00:25]} 33. b4 {[%clk 00:38:54]} {[%emt 00:00:40]} Kf6
{[%clk 00:41:10]} {[%emt 00:00:49]} 34. b5 {[%clk 00:37:22]} {[%emt 00:02:03]}
Kg7 {[%clk 00:40:42]} {[%emt 00:00:57]} 35. b6 {[%clk 00:34:38]} {[%emt
00:03:14]} Kf6 {[%clk 00:40:52]} {[%emt 00:00:18]} 36. Rb8 {[%clk 00:34:04]}
{[%emt 00:01:07]} 1/2-1/2

[Event "European Chess Club Cup 2023"]
[Site "Durres, Albania"]
[Date "2023.10.02"]
[Round "2.60"]
[White "Guliyev, Namig"]
[Black "Bednarich, Jan"]
[Result "1-0"]
[TimeControl "90' + 30' & 30\""]
[WhiteElo "2531"]
[BlackElo "2198"]

1. e4 {[%clk 01:30:54]} {[%emt 00:00:04]} c5 {[%clk 01:30:48]} {[%emt
00:00:13]} 2. Nf3 {[%clk 01:31:18]} {[%emt 00:00:06]} e6 {[%clk 01:31:08]}
{[%emt 00:00:10]} 3. d4 {[%clk 01:30:25]} {[%emt 00:01:24]} cxd4 {[%clk
01:31:30]} {[%emt 00:00:07]} 4. Nxd4 {[%clk 01:30:50]} {[%emt 00:00:05]} Qb6
{[%clk 01:31:44]} {[%emt 00:00:16]} 5. Nb3 {[%clk 01:30:15]} {[%emt 00:01:05]}
Nc6 {[%clk 01:31:46]} {[%emt 00:00:28]} 6. Be3 {[%clk 01:30:05]} {[%emt
00:00:40]} Qc7 {[%clk 01:31:53]} {[%emt 00:00:22]} 7. f4 {[%clk 01:30:03]}
{[%emt 00:00:33]} Nf6 {[%clk 01:28:28]} {[%emt 00:03:55]} 8. Nc3 {[%clk
01:27:20]} {[%emt 00:03:14]} Bb4 {[%clk 01:22:55]} {[%emt 00:06:02]} 9. Bd3
{[%clk 01:27:22]} {[%emt 00:00:27]} Bxc3+ {[%clk 01:15:48]} {[%emt 00:07:37]}
10. bxc3 {[%clk 01:27:45]} {[%emt 00:00:08]} d6 {[%clk 01:16:05]} {[%emt
00:00:13]} 11. Qf3 {[%clk 01:26:15]} {[%emt 00:01:59]} Bd7 {[%clk 01:13:41]}
{[%emt 00:02:55]} 12. O-O {[%clk 01:23:28]} {[%emt 00:03:17]} e5 {[%clk
00:59:15]} {[%emt 00:14:55]} 13. f5 {[%clk 01:19:52]} {[%emt 00:04:07]} Ne7
{[%clk 00:56:46]} {[%emt 00:02:58]} 14. c4 {[%clk 01:16:37]} {[%emt 00:03:45]}
Bc6 {[%clk 00:56:34]} {[%emt 00:00:42]} 15. a4 {[%clk 01:15:28]} {[%emt
00:01:40]} a5 {[%clk 00:51:43]} {[%emt 00:05:20]} 16. Nd2 {[%clk 01:15:21]}
{[%emt 00:00:37]} Rg8 {[%clk 00:44:34]} {[%emt 00:07:39]} 17. Nb1 {[%clk
01:13:25]} {[%emt 00:02:27]} h5 {[%clk 00:15:58]} {[%emt 00:29:06]} 18. Nc3
{[%clk 01:11:19]} {[%emt 00:02:36]} Ng4 {[%clk 00:15:49]} {[%emt 00:00:40]} 19.
Bd2 {[%clk 01:07:47]} {[%emt 00:04:01]} g6 {[%clk 00:16:11]} {[%emt 00:00:08]}
20. fxg6 {[%clk 01:05:08]} {[%emt 00:03:08]} f5 {[%clk 00:16:12]} {[%emt
00:00:29]} 21. h3 {[%clk 00:56:47]} {[%emt 00:08:51]} Rxg6 {[%clk 00:15:48]}
{[%emt 00:00:54]} 22. hxg4 {[%clk 00:54:05]} {[%emt 00:03:13]} hxg4 {[%clk
00:16:12]} {[%emt 00:00:06]} 23. Qe2 {[%clk 00:54:33]} {[%emt 00:00:02]} f4
{[%clk 00:16:19]} {[%emt 00:00:23]} 24. g3 {[%clk 00:54:10]} {[%emt 00:00:54]}
f3 {[%clk 00:14:54]} {[%emt 00:01:54]} 25. Qe3 {[%clk 00:53:09]} {[%emt
00:01:31]} Kf7 {[%clk 00:12:06]} {[%emt 00:03:17]} 26. Kf2 {[%clk 00:53:14]}
{[%emt 00:00:26]} Rh8 {[%clk 00:11:10]} {[%emt 00:01:26]} 27. Rh1 {[%clk
00:53:36]} {[%emt 00:00:08]} Qd8 {[%clk 00:11:10]} {[%emt 00:00:30]} 28. c5
{[%clk 00:53:29]} {[%emt 00:00:37]} Kg7 {[%clk 00:04:28]} {[%emt 00:07:11]} 29.
cxd6 {[%clk 00:53:28]} {[%emt 00:00:31]} Rxd6 {[%clk 00:04:32]} {[%emt
00:00:26]} 30. Qg5+ {[%clk 00:53:40]} {[%emt 00:00:19]} Ng6 {[%clk 00:04:25]}
{[%emt 00:00:37]} 31. Qxd8 {[%clk 00:53:12]} {[%emt 00:00:58]} Rdxd8 {[%clk
00:04:03]} {[%emt 00:00:52]} 32. Bg5 {[%clk 00:53:23]} {[%emt 00:00:19]} Rc8
{[%clk 00:04:16]} {[%emt 00:00:16]} 33. Nd5 {[%clk 00:53:38]} {[%emt 00:00:15]}
Kf7 {[%clk 00:04:24]} {[%emt 00:00:23]} 34. c4 {[%clk 00:53:55]} {[%emt
00:00:13]} Rxh1 {[%clk 00:03:39]} {[%emt 00:01:15]} 35. Rxh1 {[%clk 00:54:18]}
{[%emt 00:00:07]} Rh8 {[%clk 00:04:00]} {[%emt 00:00:09]} 36. Rxh8 {[%clk
00:54:32]} {[%emt 00:00:16]} Nxh8 {[%clk 00:04:25]} {[%emt 00:00:06]} 37. Bc2
{[%clk 00:54:50]} {[%emt 00:00:11]} Ke6 {[%clk 00:04:04]} {[%emt 00:00:49]} 38.
Bd8 {[%clk 00:54:53]} {[%emt 00:00:28]} Nf7 {[%clk 00:04:14]} {[%emt 00:00:20]}
39. Bxa5 {[%clk 00:55:10]} {[%emt 00:00:13]} Ng5 {[%clk 00:04:25]} {[%emt
00:00:20]} 40. Bd2 {[%clk 00:55:30]} {[%emt 00:00:10]} Bxa4 {[%clk 00:03:53]}
{[%emt 00:01:01]} 41. Bxg5 {[%clk 00:54:15]} {[%emt 00:01:45]} Bxc2 {[%clk
00:04:10]} {[%emt 00:00:13]} 42. Nf6 {[%clk 00:54:41]} {[%emt 00:00:05]} b6
{[%clk 00:00:40]} {[%emt 00:04:00]} 43. Ke3 {[%clk 00:55:08]} {[%emt 00:00:03]}
Bb3 {[%clk 00:28:01]} {[%emt 00:03:09]} 44. Nxg4 {[%clk 01:24:32]} {[%emt
00:01:06]} Bxc4 {[%clk 00:28:14]} {[%emt 00:00:16]} 45. Kxf3 {[%clk 01:24:57]}
{[%emt 00:00:05]} Bb3 {[%clk 00:28:15]} {[%emt 00:00:29]} 46. Nf2 {[%clk
01:25:15]} {[%emt 00:00:13]} Bc4 {[%clk 00:27:44]} {[%emt 00:01:01]} 47. Bd2
{[%clk 01:25:39]} {[%emt 00:00:05]} Bb5 {[%clk 00:27:44]} {[%emt 00:00:31]} 48.
Be3 {[%clk 01:26:03]} {[%emt 00:00:05]} 1-0

[Event "European Chess Club Cup 2023"]
[Site "Durres, Albania"]
[Date "2023.10.02"]
[Round "2.61"]
[White "Macias Pino, Diego"]
[Black "Mikhalevski, Victor"]
[Result "0-1"]
[TimeControl "90' + 30' & 30\""]
[WhiteElo "2454"]
[BlackElo "2527"]

1. d4 {[%clk 01:30:54]} {[%emt 00:00:05]} Nf6 {[%clk 01:30:26]} {[%emt
00:00:35]} 2. c4 {[%clk 01:31:19]} {[%emt 00:00:06]} e6 {[%clk 01:28:56]}
{[%emt 00:02:00]} 3. Nc3 {[%clk 01:31:42]} {[%emt 00:00:07]} c5 {[%clk
01:28:52]} {[%emt 00:00:34]} 4. d5 {[%clk 01:32:07]} {[%emt 00:00:05]} exd5
{[%clk 01:29:17]} {[%emt 00:00:05]} 5. cxd5 {[%clk 01:32:34]} {[%emt 00:00:04]}
d6 {[%clk 01:29:42]} {[%emt 00:00:05]} 6. e4 {[%clk 01:32:56]} {[%emt
00:00:07]} g6 {[%clk 01:29:58]} {[%emt 00:00:14]} 7. Be2 {[%clk 01:33:20]}
{[%emt 00:00:07]} Bg7 {[%clk 01:29:55]} {[%emt 00:00:33]} 8. Be3 {[%clk
01:33:44]} {[%emt 00:00:06]} O-O {[%clk 01:30:10]} {[%emt 00:00:15]} 9. Nf3
{[%clk 01:34:10]} {[%emt 00:00:03]} Bg4 {[%clk 01:25:20]} {[%emt 00:05:21]} 10.
Nd2 {[%clk 01:34:24]} {[%emt 00:00:16]} Bxe2 {[%clk 01:25:38]} {[%emt
00:00:12]} 11. Qxe2 {[%clk 01:34:52]} {[%emt 00:00:02]} Re8 {[%clk 01:24:50]}
{[%emt 00:01:19]} 12. O-O {[%clk 01:34:01]} {[%emt 00:01:20]} Na6 {[%clk
01:24:11]} {[%emt 00:01:09]} 13. Rab1 {[%clk 01:25:52]} {[%emt 00:08:39]} Qd7
{[%clk 01:19:10]} {[%emt 00:05:30]} 14. h3 {[%clk 01:19:59]} {[%emt 00:06:23]}
Rab8 {[%clk 01:11:12]} {[%emt 00:08:29]} 15. Qb5 {[%clk 01:00:37]} {[%emt
00:19:51]} Qxb5 {[%clk 01:05:09]} {[%emt 00:06:33]} 16. Nxb5 {[%clk 01:01:00]}
{[%emt 00:00:08]} Bf8 {[%clk 01:04:55]} {[%emt 00:00:43]} 17. a3 {[%clk
00:52:55]} {[%emt 00:08:36]} Nxe4 {[%clk 01:04:10]} {[%emt 00:01:14]} 18. Nc4
{[%clk 00:53:21]} {[%emt 00:00:03]} Rbd8 {[%clk 00:58:26]} {[%emt 00:06:14]} 19.
Bf4 {[%clk 00:45:28]} {[%emt 00:08:23]} Rd7 {[%clk 00:53:54]} {[%emt 00:05:03]}
20. f3 {[%clk 00:29:49]} {[%emt 00:16:10]} Nf6 {[%clk 00:51:48]} {[%emt
00:02:35]} 21. Rfd1 {[%clk 00:29:51]} {[%emt 00:00:28]} h6 {[%clk 00:31:57]}
{[%emt 00:20:21]} 22. Rd2 {[%clk 00:25:43]} {[%emt 00:04:38]} b6 {[%clk
00:22:11]} {[%emt 00:10:15]} 23. Bxd6 {[%clk 00:20:42]} {[%emt 00:05:31]} Bxd6
{[%clk 00:21:36]} {[%emt 00:01:05]} 24. Ncxd6 {[%clk 00:20:22]} {[%emt
00:00:50]} Red8 {[%clk 00:20:34]} {[%emt 00:01:32]} 25. Nc4 {[%clk 00:14:58]}
{[%emt 00:05:54]} Nb8 {[%clk 00:18:01]} {[%emt 00:03:03]} 26. Rbd1 {[%clk
00:12:42]} {[%emt 00:02:47]} a6 {[%clk 00:15:32]} {[%emt 00:02:58]} 27. Nc3
{[%clk 00:13:09]} {[%emt 00:00:03]} b5 {[%clk 00:15:58]} {[%emt 00:00:03]} 28.
Ne3 {[%clk 00:10:37]} {[%emt 00:03:02]} Kg7 {[%clk 00:11:38]} {[%emt 00:04:50]}
29. a4 {[%clk 00:06:29]} {[%emt 00:04:39]} Rb7 {[%clk 00:10:45]} {[%emt
00:01:23]} 30. axb5 {[%clk 00:04:19]} {[%emt 00:02:40]} axb5 {[%clk 00:11:14]}
{[%emt 00:00:02]} 31. Ra1 {[%clk 00:04:05]} {[%emt 00:00:45]} Nbd7 {[%clk
00:11:32]} {[%emt 00:00:11]} 32. Ra5 {[%clk 00:04:09]} {[%emt 00:00:26]} Rdb8
{[%clk 00:11:46]} {[%emt 00:00:16]} 33. Kf2 {[%clk 00:03:58]} {[%emt 00:00:41]}
c4 {[%clk 00:11:53]} {[%emt 00:00:23]} 34. Nc2 {[%clk 00:02:34]} {[%emt
00:01:54]} Nc5 {[%clk 00:10:39]} {[%emt 00:01:44]} 35. Nd4 {[%clk 00:03:03]}
{[%emt 00:00:01]} Nd3+ {[%clk 00:10:53]} {[%emt 00:00:16]} 36. Kg3 {[%clk
00:03:11]} {[%emt 00:00:22]} b4 {[%clk 00:10:18]} {[%emt 00:01:06]} 37. Nce2
{[%clk 00:03:04]} {[%emt 00:00:36]} Re8 {[%clk 00:08:40]} {[%emt 00:02:07]} 38.
Nc6 {[%clk 00:01:36]} {[%emt 00:01:59]} Re3 {[%clk 00:07:55]} {[%emt 00:01:15]}
39. Nf4 {[%clk 00:01:00]} {[%emt 00:01:06]} Ne4+ {[%clk 00:08:17]} {[%emt
00:00:08]} 0-1